Largest Municipalities in North Dakota by First Letter - Statistics

General Stats
  • This quiz has been taken 10 times
    4 since last reset
  • The average score is 11 of 24
Answer Stats
First Letter County Population Municipality % Correct
F Cass 137,989 Fargo
100%
G Grand Forks 58,773 Grand Forks
100%
B Burleigh 75,990 Bismarck
67%
C Cass 2,468 Casselton
67%
D Stark 24,677 Dickinson
67%
J Stutsman 15,611 Jamestown
67%
M Ward 46,699 Minot
67%
W Cass 41,403 West Fargo
67%
A McIntosh 598 Ashley
33%
E Dickey 1,077 Ellendale
33%
H Cass 7,239 Horace
33%
I Grand Forks 36 Inkster
33%
K Cass 1,086 Kindred
33%
L Burleigh 4,529 Lincoln
33%
N Mountrail 2,694 New Town
33%
O Dickey 1,749 Oakes
33%
P Walsh 1,363 Park River
33%
R Pierce 2,409 Rugby
33%
S Mountrail 2,075 Stanley
33%
U McLean 766 Underwood
33%
V Barnes 6,530 Valley City
33%
Y Benson 14 York
33%
Z Mercer 222 Zap
33%
T Williams 2,016 Tioga
0%
No matching quizzes found
Score Distribution
Percent of People with Each Score
Percentile by Number Answered
Your Score History
You have not taken this quiz since the last reset